000 00296nam a22001337a 4500
008 170228b xxu||||| |||| 00| 0 eng d
020 _a9780803602533
041 _aeng
080 _a616.8 006
100 _a6
101 _aSHM
245 _aOCUPATIONAL THERAPY
_cGILLKESON.G.E
942 _2udc
_cBK
999 _c6431
_d6431